| 000 | 00630nam a2200193 4500 | ||
|---|---|---|---|
| 003 | OSt | ||
| 005 | 20221111153142.0 | ||
| 008 | 221111b |||||||| |||| 00| 0 eng d | ||
| 040 | _cBiblioteca Lado V | ||
| 082 |
_a708 _bB918g |
||
| 100 |
_aBuccellato, Laura _9384 _ecuradora |
||
| 245 | _aGraciela Sacco/ | ||
| 260 |
_aArgentina _bMuseo de Arte Moderno de Buenos Aires _c2004 |
||
| 300 |
_a39p. _c22x28cm |
||
| 650 |
_2Tesauro de Arte & Arquitectura _aARTE |
||
| 650 |
_2Tesauro de Arte & Arquitectura _aCOLECCION |
||
| 650 |
_2Tesauro de Arte & Arquitectura _aLATINOAMERICA |
||
| 942 |
_2ddc _c1 _h708 _iB918g |
||
| 999 |
_c2591 _d2591 |
||